000 00324nam a2200133 i 4500
001 bg
100 1 _aHARTGE, K. H.
245 0 _aDie physikalische Untersuchung von Böden ... /
_cK.H. Hartge.
260 _aStuttgart,
_c1971.
040 _cBPK
041 _apol
942 _cKS
008 s pl f |000 0 pol
999 _c16287
_d16287
856 _uhttp://koha.tu.koszalin.pl/cgi-bin/koha/opac-detail.pl?biblionumber=16287
_yKatalog online BPK